El derecho administrativo / (Record no. 134681)
[ view plain ]
| 000 -LEADER | |
|---|---|
| campo de control de longitud fija | 00660nam a2200193 i 4500 |
| 001 - NÚMERO DE CONTROL | |
| campo de control | 134681 |
| 003 - IDENTIFICADOR DE NÚMERO DE CONTROL | |
| campo de control | ES-MaACL |
| 005 - FECHA Y HORA DE LA ÚLTIMA TRANSACCIÓN | |
| campo de control | 20250827021539.0 |
| 007 - CAMPO FIJO DE DESCRIPCIÓN FÍSICA--INFORMACIÓN GENERAL | |
| campo de control de longitud fija | t| |
| 008 - DATOS DE LONGITUD FIJA--INFORMACIÓN GENERAL | |
| campo de control de longitud fija | 070912s1966 sp ||||1| spa d |
| 100 1# - ENTRADA PRINCIPAL--NOMBRE DE PERSONA | |
| Nombre de persona | Weil, Prosper. |
| 9 (RLIN) | 116334 |
| 245 13 - MENCIÓN DEL TÍTULO | |
| Título | El derecho administrativo / |
| Mención de responsabilidad, etc. | Prosper Weil ; con una nota preliminar de Lorenzo Martín Retortillo ; traducción de Luis Rodríguez Zúñiga. |
| 260 ## - PUBLICACIÓN, DISTRIBUCIÓN, ETC. | |
| Lugar de publicación, distribución, etc. | [Madrid : |
| Nombre del editor, distribuidor, etc. | Taurus, |
| Fecha de publicación, distribución, etc. | 1966] |
| 300 ## - DESCRIPCIÓN FÍSICA | |
| Extensión | 128 p. ; |
| Dimensiones | 19 cm. |
| 700 1# - ENTRADA AGREGADA--NOMBRE PERSONAL | |
| Nombre de persona | Martín-Retortillo Baquer, Lorenzo, |
| Fechas asociadas al nombre | 1936- |
| 9 (RLIN) | 77628 |
| 700 0# - ENTRADA AGREGADA--NOMBRE PERSONAL | |
| Nombre de persona | Rodríguez Zúñiga, Luis. |
| 9 (RLIN) | 98883 |
| 852 ## - LOCALIZACIÓN | |
| Ubicación | ES-MaACL |
| Número de control de estantería | C-31917 |
| Sublocalización o colección | R.62519 |
| Estatus retirado | Estado de pérdida | Estado de daño | No para préstamo | Biblioteca de origen | Biblioteca actual | Ubicación en estantería | Fecha de adquisición | Fuente de adquisición | Total de préstamos | Signatura topográfica completa | Código de barras | Visto por última vez | Precio de reemplazo | Tipo de ítem Koha |
|---|---|---|---|---|---|---|---|---|---|---|---|---|---|---|
| Biblioteca del Ateneo de Madrid | Biblioteca del Ateneo de Madrid | Depósito 2 | 17/01/2008 | C-31917 | 1140185 | 23/02/2023 | 23/02/2023 | Libro impreso |
